Banner

Derecho público interno de Colombia / (Record no. 521)

MARC details
000 -LEADER
campo de control de longitud fija 00838nam a22002297a 4500
001 - NÚMERO DE CONTROL
campo de control 001495
003 - IDENTIFICADOR DE NÚMERO DE CONTROL
campo de control CoMeUDC001495
005 - FECHA Y HORA DE LA ÚLTIMA TRANSACCIÓN
campo de control 20181218200640.0
008 - DATOS DE LONGITUD FIJA--INFORMACIÓN GENERAL
campo de control de longitud fija 130821s1974 ck gr spa
040 ## - FUENTE DE CATALOGACIÓN
Centro catalogador/agencia de origen Co-BoUCM
Lengua de catalogación spa
Centro/agencia transcriptor CoMeUDC
041 ## - CÓDIGO DE IDIOMA
Código de lengua del texto/banda sonora o título independiente spa
082 04 - NÚMERO DE LA CLASIFICACIÓN DECIMAL DEWEY
Número de clasificación 342.03
Información de edición 20
Número de ítem S192
100 ## - ENTRADA PRINCIPAL--NOMBRE DE PERSONA
Nombre de persona Samper, José María
245 ## - MENCIÓN DEL TÍTULO
Título Derecho público interno de Colombia /
Mención de responsabilidad, etc. José María Samper.
260 ## - PUBLICACIÓN, DISTRIBUCIÓN, ETC.
Lugar de publicación, distribución, etc. Bogotá (Colombia) :
Nombre del editor, distribuidor, etc. Banco Popular,
Fecha de publicación, distribución, etc. 1974.
300 ## - DESCRIPCIÓN FÍSICA
Extensión 2 tomos
490 ## - MENCIÓN DE SERIE
Mención de serie Biblioteca del Banco Popular
Designación de volumen o secuencia 58, 59
505 ## - NOTA DE CONTENIDO CON FORMATO
Nota de contenido con formato V.1 . Historia crítica del derecho constitucional Colombiano desde 1810 hasta 1886. -- V.2 : Comentario científico de la Constitución de 1886.
650 04 - PUNTO DE ACCESO ADICIONAL DE MATERIA--TÉRMINO DE MATERIA
Término de materia o nombre geográfico como elemento de entrada Derecho público
9 (RLIN) 12826
650 04 - PUNTO DE ACCESO ADICIONAL DE MATERIA--TÉRMINO DE MATERIA
Término de materia o nombre geográfico como elemento de entrada Derecho público
Subdivisión geográfica Colombia
9 (RLIN) 12826
942 ## - ELEMENTOS DE ENTRADA SECUNDARIOS (KOHA)
Tipo de ítem Koha Libros
Código de la institución [OBSOLETO] 8
Edición 1
Sufijo de la signatura S192
Fuente del sistema de clasificación o colocación Clasificación Decimal Dewey
Parte de la signatura que corresponde a la clasificación (Parte de la clasificación) 342.03
Holdings
Estatus retirado Estado de pérdida Fuente del sistema de clasificación o colocación Estado de daño No para préstamo Colección Biblioteca de origen Biblioteca actual Fecha de adquisición Fuente de adquisición Signatura topográfica completa Código de barras Visto por última vez Copia número Precio de reemplazo Tipo de ítem Koha
    Clasificación Decimal Dewey     Colección general U DE COLOMBIA - Biblioteca U DE COLOMBIA - Biblioteca 18/12/2018 Donación 342.03 S192 Vol.1 001495 18/12/2018 1 18/12/2018 Libros
    Clasificación Decimal Dewey     Colección general U DE COLOMBIA - Biblioteca U DE COLOMBIA - Biblioteca 18/12/2018 Donación 342.03 S192 Vol.2 001496 18/12/2018 2 18/12/2018 Libros


Biblioteca Académica Corporación Universitaria U DE COLOMBIA | Teléfono: +(57) (4) 2398080 ext. 1112 | E-mail: biblioteca@udecolombia.edu.co | Dirección: Calle 56 Nº 41 – 147 (Bolivia con Girardot)
Horario de atención: lunes a viernes 8:00 a.m. a 8:00 p.m. - sábados 8:00 a.m. a 4:00 p.m.
Implementado por Grupo EGS.

Powered by Koha